000 00676cam a22001691 4500
040 _cDLC
082 0 0 _a371 ALL 1964 A089 Or.
100 1 _aCowell, Charles Clarence,
245 1 0 _aModern principles and methods in secondary school physical education
250 _a2d ed.
260 _aBoston,
_bAllyn and Bacon,
_c1964.
300 _axii, 418 p.
_billus.
_c24 cm.
500 _aFirst published in 1958 under title: Modern principles and methods in high school physical education; third ed. published in 1973 under title: Modern Methods in secondary school physical education.
650 0 _aPhysical education and training.
700 1 _aSchwehn, Hilda Marie,
942 _cEK
999 _c16224
_d16224